AFL All-Australian 2025 Team - Statistics

General Stats
  • This quiz has been taken 29 times
  • The average score is 32 of 44
Answer Stats
Team Player % Correct
Geelong Jeremy Cameron
95%
Collingwood Josh Daicos
95%
Gold Coast Matt Rowell
95%
Collingwood Nick Daicos
95%
Western Bulldogs Marcus Bontempelli
91%
Melbourne Max Gawn
91%
Adelaide Riley Thilthorpe
91%
GWS Giants Tom Green
91%
Fremantle Andrew Brayshaw
86%
Geelong Bailey Smith
86%
Fremantle Caleb Serong
86%
Adelaide Jordan Dawson
86%
Gold Coast Noah Anderson
86%
Gold Coast Ben King
82%
Brisbane Harris Andrews
82%
Adelaide Izak Rankine
82%
GWS Giants Lachie Ash
82%
St Kilda Nasiah Wanganeen-Milera
82%
Western Bulldogs Sam Darcy
82%
Port Adelaide Zak Butters
82%
Melbourne Kysaiah Pickett
77%
Brisbane Hugh McCluggage
73%
Sydney Isaac Heeney
73%
Hawthorn Jack Gunston
73%
Brisbane Zac Bailey
73%
Western Bulldogs Ed Richards
68%
Hawthorn Josh Battle
68%
Brisbane Josh Dunkley
68%
Geelong Max Holmes
68%
Adelaide Josh Worrell
64%
Gold Coast Sam Collins
64%
GWS Giants Sam Taylor
64%
Brisbane Dayne Zorko
59%
Sydney Brodie Grundy
55%
GWS Giants Finn Callaghan
55%
Fremantle Luke Jackson
55%
Port Adelaide Mitch Georgiades
55%
Gold Coast Ben Long
50%
Collingwood Jamie Elliott
50%
Adelaide Mark Keane
50%
Richmond Nick Vlastuin
50%
Western Bulldogs Bailey Dale
45%
Fremantle Jordan Clark
45%
Western Bulldogs Tom Liberatore
41%
No matching quizzes found
Score Distribution
Percent of People with Each Score
Percentile by Number Answered
Your Score History
You have not taken this quiz